[Event "4NCL Division 3"]
[Site "Daventry Court ENG"]
[Date "2015.05.03"]
[Round "10.197"]
[White "Robson, Paul E"]
[Black "Karia, Rishul"]
[Result "1/2-1/2"]
[WhiteElo "1893"]
[BlackElo "1817"]
[PlyCount "36"]
[EventDate "2015.05.03"]
[WhiteTeam "North East England 2"]
[BlackTeam "Barnet Knights 1"]

1. e4 e5 2. d4 exd4 3. Nf3 Nc6 4. Bc4 Nf6 5. e5 d5 6. Bb5 Ne4 7. Nxd4 Bd7 8.
Bxc6 bxc6 9. O-O Be7 10. f3 Ng5 11. f4 Ne4 12. f5 Bc5 13. c3 Qe7 14. Nd2 Qxe5
15. Nxe4 dxe4 16. Bf4 Qd5 17. f6 gxf6 18. Bxc7 Bxd4+ 1/2-1/2

[Event "4NCL Division 3"]
[Site "Daventry Court ENG"]
[Date "2015.05.03"]
[Round "10.198"]
[White "Pollack, Oscar"]
[Black "Gazis, George"]
[Result "1-0"]
[WhiteElo "1795"]
[BlackElo "1767"]
[PlyCount "127"]
[EventDate "2015.05.03"]
[WhiteTeam "Barnet Knights 1"]
[BlackTeam "North East England 2"]

1. Nf3 Nf6 2. g3 e6 3. Bg2 d5 4. O-O Be7 5. c4 c6 6. cxd5 exd5 7. d3 O-O 8. Bf4
Nbd7 9. Nc3 Nh5 10. Be3 f5 11. Nd4 Ne5 12. Qb3 Kh8 13. Rac1 c5 14. Nxd5 cxd4
15. Bxd4 Nc6 16. Rxc6 bxc6 17. Nxe7 Qxe7 18. Bxc6 Be6 19. Qc3 Rac8 20. Rc1 Bd7
21. Bc5 Qf7 22. Bxf8 Rxc6 23. Bc5 f4 24. Qa5 Rc8 25. Qxa7 Qd5 26. Rc4 Bh3 27.
f3 fxg3 28. hxg3 Qg5 29. g4 Qe5 30. Bd6 Qe6 31. Rxc8+ Qxc8 32. Qb8 Qxb8 33.
Bxb8 Nf6 34. a4 h5 35. gxh5 Kg8 36. b4 Bd7 37. b5 Nd5 38. Be5 Kf7 39. e4 Nb4
40. d4 Nd3 41. f4 Nb2 42. b6 Bc8 43. a5 Nc4 44. d5 Nxa5 45. Kf2 Nc4 46. Bd4 Na5
47. e5 Bg4 48. e6+ Ke7 49. Bxg7 Bxh5 50. Be5 Bg4 51. Kg3 Bf5 52. Kf3 Nb7 53.
Ke3 Bh3 54. Kd4 Bg4 55. Bg7 Bh3 56. Ke5 Nc5 57. d6+ Ke8 58. f5 Bg2 59. f6 Nxe6
60. Kxe6 Bh3+ 61. Kd5 Bg2+ 62. Kc5 Bf3 63. d7+ Kxd7 64. f7 1-0

[Event "4NCL Division 3"]
[Site "Daventry Court ENG"]
[Date "2015.05.03"]
[Round "10.199"]
[White "Robinson, Brian"]
[Black "Sanitt, Leo"]
[Result "1/2-1/2"]
[WhiteElo "1587"]
[BlackElo "1772"]
[PlyCount "46"]
[EventDate "2015.05.03"]
[WhiteTeam "North East England 2"]
[BlackTeam "Barnet Knights 1"]

1. d4 Nf6 2. Nf3 d5 3. e3 c6 4. Bd3 Bg4 5. h3 Bh5 6. c4 e6 7. Qb3 Qc7 8. Ne5
Nbd7 9. Nc3 Nxe5 10. dxe5 dxc4 11. Bxc4 Nd5 12. Nxd5 cxd5 13. Bb5+ Kd8 14. f4
Qe7 15. O-O Qb4 16. Qa4 a6 17. Qxb4 Bxb4 18. Bd3 Bg6 19. Rd1 Ke7 20. Bxg6 hxg6
21. a3 Ba5 22. b4 Bb6 23. Bd2 Rac8 1/2-1/2

[Event "4NCL Division 3"]
[Site "Daventry Court ENG"]
[Date "2015.05.03"]
[Round "10.200"]
[White "Sanitt, Ethan"]
[Black "Whitaker, Brian"]
[Result "1/2-1/2"]
[WhiteElo "1765"]
[BlackElo "1532"]
[PlyCount "45"]
[EventDate "2015.05.03"]
[WhiteTeam "Barnet Knights 1"]
[BlackTeam "North East England 2"]

1. c4 e6 2. g3 Nf6 3. Bg2 c5 4. Nc3 Nc6 5. b3 g6 6. Bb2 Bg7 7. Nf3 O-O 8. O-O
d5 9. Na4 b6 10. cxd5 exd5 11. Rc1 Bd7 12. Nc3 d4 13. Nb1 Rc8 14. d3 Re8 15.
Nbd2 Qe7 16. Re1 Nd5 17. Nxd4 Ne3 18. fxe3 Qxe3+ 19. Kh1 Bxd4 20. Nc4 Qe7 21.
e3 Bxb2 22. Nxb2 Ne5 23. e4 1/2-1/2

[Event "4NCL Division 3"]
[Site "Daventry Court ENG"]
[Date "2015.05.03"]
[Round "10.205"]
[White "Bak, Andrew"]
[Black "Chan, Nevil"]
[Result "0-1"]
[WhiteElo "2050"]
[BlackElo "2030"]
[PlyCount "94"]
[EventDate "2015.05.03"]
[WhiteTeam "Bradford DCA Knights B"]
[BlackTeam "Cambridge University 3"]

1. d4 b6 2. e4 Bb7 3. Nc3 e6 4. Bd3 Nf6 5. Nf3 Bb4 6. Qe2 d5 7. e5 Ne4 8. Bd2
Nxd2 9. Nxd2 Be7 10. Qg4 O-O 11. Ne2 Ba6 12. Bxa6 Nxa6 13. c3 c5 14. a3 cxd4
15. cxd4 Rc8 16. Nc3 Qd7 17. O-O Nb8 18. Rac1 Rc7 19. Rfe1 Rfc8 20. Re3 Bf8 21.
Rh3 g6 22. Qh4 h6 23. Nf1 Qd8 24. Qg4 Nc6 25. Qd1 Na5 26. Rd3 b5 27. Ne3 Nc4
28. Nxc4 bxc4 29. Rh3 Rb7 30. Rc2 Rcb8 31. Qd2 Rb3 32. Rg3 Qa5 33. Kf1 R8b7 34.
Ke2 Kh7 35. f4 h5 36. Rf3 Be7 37. g3 Bd8 38. Nd1 Qa6 39. Kf2 Ba5 40. Qc1 R3b5
41. Kg2 Qb6 42. Qe3 Rb3 43. Qf2 Rxf3 44. Kxf3 Qb3+ 45. Kg2 Qd3 46. Qe2 Qxd4 47.
Qf3 Rb3 0-1

[Event "4NCL Division 3"]
[Site "Daventry Court ENG"]
[Date "2015.05.03"]
[Round "10.206"]
[White "Campbell, Mark C"]
[Black "Gardiner, Eric"]
[Result "1-0"]
[WhiteElo "1955"]
[BlackElo "1949"]
[PlyCount "71"]
[EventDate "2015.05.03"]
[WhiteTeam "Cambridge University 3"]
[BlackTeam "Bradford DCA Knights B"]

1. e4 e6 2. d4 d5 3. e5 c5 4. c3 Nc6 5. Nf3 Nh6 6. a3 cxd4 7. cxd4 Nf5 8. Be3
Bd7 9. Nc3 a6 10. Be2 Be7 11. O-O f6 12. exf6 gxf6 13. Bd3 Nxe3 14. fxe3 O-O
15. Qc2 Rf7 16. Rf2 Rg7 17. Kh1 b5 18. b4 Rc8 19. Qb3 Kh8 20. e4 Qb6 21. Ne2
dxe4 22. Bxe4 e5 23. Rd1 exd4 24. Nexd4 Nxd4 25. Nxd4 Bg4 26. Bf3 Rd8 27. Rfd2
Bxf3 28. Qxf3 a5 29. Nf5 Rxd2 30. Rxd2 Qe6 31. Re2 Qc4 32. h3 Qc1+ 33. Kh2 Qc7+
34. g3 axb4 35. Rxe7 Qc2+ 36. Re2 1-0

[Event "4NCL Division 3"]
[Site "Daventry Court ENG"]
[Date "2015.05.03"]
[Round "10.207"]
[White "McCarthy, Damian"]
[Black "Kreuzer, Christopher RL"]
[Result "1/2-1/2"]
[WhiteElo "1915"]
[BlackElo "1945"]
[PlyCount "68"]
[EventDate "2015.05.03"]
[WhiteTeam "Bradford DCA Knights B"]
[BlackTeam "Cambridge University 3"]

1. d4 Nf6 2. c4 c6 3. Nf3 d5 4. Nc3 dxc4 5. a4 Bf5 6. Ne5 e6 7. f3 Bb4 8. Nxc4
Nd5 9. Qd2 b5 10. axb5 cxb5 11. Ne3 O-O 12. Nexd5 exd5 13. e3 Qb6 14. Bd3 Bxd3
15. Qxd3 Rc8 16. O-O Bxc3 17. bxc3 Nd7 18. Kh1 Rc4 19. Bd2 a5 20. e4 Qg6 21.
Qb1 Qc6 22. exd5 Qxd5 23. Qe4 Qxe4 24. fxe4 a4 25. Rf5 Nf6 26. Re5 a3 27. Rxb5
Kf8 28. e5 Ne4 29. Be1 Nxc3 30. Bxc3 Rxc3 31. h3 Ke7 32. Ra2 Ke6 33. Kh2 Ra4
34. Kh1 Rxd4 1/2-1/2

[Event "4NCL Division 3"]
[Site "Daventry Court ENG"]
[Date "2015.05.03"]
[Round "10.208"]
[White "Ivanov, George"]
[Black "Slinger, AJ (Tony)"]
[Result "1-0"]
[WhiteElo "1772"]
[BlackElo "1930"]
[PlyCount "61"]
[EventDate "2015.05.03"]
[WhiteTeam "Cambridge University 3"]
[BlackTeam "Bradford DCA Knights B"]

1. e4 c5 2. Nf3 Nc6 3. d4 cxd4 4. Nxd4 e5 5. Nf3 Nf6 6. Nc3 Bb4 7. Bg5 Qa5 8.
Bd3 Bxc3+ 9. bxc3 Qxc3+ 10. Bd2 Qc5 11. O-O O-O 12. Be3 Qe7 13. c4 d6 14. Rb1
Nd7 15. Bc2 Nc5 16. Nd2 Be6 17. f4 f6 18. f5 Bf7 19. Qg4 Kh8 20. Rf3 b6 21. Rh3
Rac8 22. Nf3 Na5 23. Nh4 Kg8 24. Rf1 Rfd8 25. Ng6 Bxg6 26. fxg6 hxg6 27. Qxg6
Qe8 28. Qh7+ Kf7 29. Rxf6+ Kxf6 30. Qf5+ Ke7 31. Bg5# 1-0

[Event "4NCL Division 3"]
[Site "Daventry Court ENG"]
[Date "2015.05.03"]
[Round "10.209"]
[White "Somerset, William"]
[Black "Breed, Greg"]
[Result "1-0"]
[WhiteElo "1915"]
[BlackElo "1746"]
[PlyCount "67"]
[EventDate "2015.05.03"]
[WhiteTeam "Bradford DCA Knights B"]
[BlackTeam "Cambridge University 3"]

1. d4 Nf6 2. c4 e6 3. Nc3 d5 4. Bg5 Nbd7 5. e3 Be7 6. Nf3 h6 7. Bh4 O-O 8. Rc1
a6 9. cxd5 exd5 10. Bd3 c6 11. O-O Re8 12. Qc2 Ne4 13. Bxe7 Qxe7 14. Na4 Rb8
15. Nc5 Ndxc5 16. dxc5 Bg4 17. Nd4 Bh5 18. f3 Nd6 19. Rce1 Nb5 20. Nf5 Qf6 21.
a4 Nc7 22. Nd6 Re7 23. a5 Bg6 24. Bxg6 fxg6 25. e4 Qd4+ 26. Qf2 Qxf2+ 27. Rxf2
dxe4 28. Rxe4 Rxe4 29. fxe4 Ne6 30. b4 g5 31. Rf7 Nf4 32. e5 Nd3 33. e6 Nxb4
34. Rd7 1-0

[Event "4NCL Division 3"]
[Site "Daventry Court ENG"]
[Date "2015.05.03"]
[Round "10.210"]
[White "Ivanov, Elizabeth"]
[Black "Johnson, Paul"]
[Result "0-1"]
[WhiteElo "1521"]
[BlackElo "1892"]
[PlyCount "74"]
[EventDate "2015.05.03"]
[WhiteTeam "Cambridge University 3"]
[BlackTeam "Bradford DCA Knights B"]

1. e4 c5 2. Nc3 Nc6 3. f4 g6 4. Nf3 Bg7 5. Bc4 e6 6. a3 Nge7 7. d3 d5 8. Ba2
Bxc3+ 9. bxc3 dxe4 10. dxe4 Qxd1+ 11. Kxd1 O-O 12. Be3 b6 13. Ke2 Ba6+ 14. Kf2
Rad8 15. h4 h5 16. Rag1 Na5 17. g4 hxg4 18. Rxg4 Bc4 19. Bb1 Kg7 20. Ne5 Nec6
21. Nf3 Rd7 22. h5 Rh8 23. Rg5 Kf8 24. Nh4 Rxh5 25. Rxh5 gxh5 26. Nf3 f6 27.
Rxh5 Rd1 28. Nh4 Rxb1 29. Ng6+ Kg7 30. f5 exf5 31. exf5 Ne5 32. Bh6+ Kf7 33.
Bf4 Nxg6 34. Rh7+ Kg8 35. fxg6 Rf1+ 36. Ke3 Rg1 37. Rh6 Kg7 0-1

[Event "4NCL Division 3"]
[Site "Daventry Court ENG"]
[Date "2015.05.03"]
[Round "10.215"]
[White "Hackner, Oskar A"]
[Black "Walker, Nicholas P"]
[Result "0-1"]
[WhiteElo "2175"]
[BlackElo "2185"]
[PlyCount "174"]
[EventDate "2015.05.03"]
[WhiteTeam "Bradford DCA Knights A"]
[BlackTeam "Hackney 2"]

1. d4 Nf6 2. c4 c5 3. d5 e6 4. Nc3 exd5 5. cxd5 d6 6. e4 g6 7. Nge2 Bg7 8. Ng3
O-O 9. Be2 a6 10. a4 Re8 11. O-O Nbd7 12. Bg5 h6 13. Be3 Rb8 14. Qd2 h5 15. Bg5
Qc7 16. Rfc1 Nh7 17. Bh6 Bd4 18. Ra3 Qd8 19. Bd3 Ne5 20. Be3 Nxd3 21. Qxd3 Bg7
22. Rb1 b5 23. axb5 axb5 24. Nxb5 h4 25. Nf1 Rxe4 26. Na7 Qe8 27. Nc6 Bf5 28.
Nxb8 Rb4 29. Qd1 Rxb8 30. Rba1 Bxb2 31. Nd2 Bxa3 32. Rxa3 Nf6 33. Bf4 Nxd5 34.
Bxd6 Rc8 35. Nc4 Qe4 36. Ne3 Nxe3 37. Rxe3 Qd4 38. Re1 Qxd1 39. Rxd1 c4 40. Be7
h3 41. g3 Bd3 42. f3 f5 43. Kf2 Kf7 44. Bb4 Rb8 45. Bc3 Rb3 46. Rc1 Ra3 47. Ke3
Ra2 48. Bd2 g5 49. f4 gxf4+ 50. gxf4 Ra8 51. Kf2 Ra2 52. Ke3 Ke6 53. Rg1 Be4
54. Rc1 Kd5 55. Rc3 Ra8 56. Rc1 Rg8 57. Bb4 Bd3 58. Rd1 Re8+ 59. Kf3 Kd4 60.
Rc1 Re3+ 61. Kf2 Ke4 62. Bd6 Rf3+ 63. Kg1 c3 64. Bb4 c2 65. Bd2 Kd5 66. Re1 Kc4
67. Ra1 Be2 68. Re1 Bd3 69. Rc1 Be4 70. Re1 Kb3 71. Ra1 Rd3 72. Bc1 Rd1+ 73.
Kf2 Rxc1 74. Rxc1 Kb2 75. Re1 c1=Q 76. Rxc1 Kxc1 77. Kg3 Kd2 78. Kxh3 Ke3 79.
Kg3 Bf3 80. h3 Bd1 81. Kh4 Kf3 82. Kg5 Ke4 83. Kh4 Be2 84. Kg5 Bf1 85. h4 Be2
86. h5 Bxh5 87. Kxh5 Kxf4 0-1

[Event "4NCL Division 3"]
[Site "Daventry Court ENG"]
[Date "2015.05.03"]
[Round "10.216"]
[White "Tasker, Michael W"]
[Black "Williams, Winston"]
[Result "1/2-1/2"]
[WhiteElo "2102"]
[BlackElo "2165"]
[PlyCount "75"]
[EventDate "2015.05.03"]
[WhiteTeam "Hackney 2"]
[BlackTeam "Bradford DCA Knights A"]

1. Nf3 c6 2. d4 d5 3. c4 e6 4. Qc2 f5 5. g3 Nf6 6. Bg2 Bd6 7. b3 O-O 8. O-O Ne4
9. Bb2 Nd7 10. Ne5 Qc7 11. Nxd7 Bxd7 12. Nd2 Nxd2 13. Qxd2 f4 14. Rac1 Qd8 15.
b4 Rf6 16. b5 Qe8 17. Qc3 g5 18. e4 Qh5 19. e5 Rh6 20. h3 Be7 21. Ba3 f3 22.
Bxf3 Qxh3 23. Rfe1 Bxa3 24. Qxa3 Rf8 25. Bg2 Qf5 26. Qe3 Rg6 27. cxd5 exd5 28.
Re2 h5 29. bxc6 bxc6 30. Rb2 Rg7 31. Rb7 Be8 32. Rxg7+ Kxg7 33. Bf1 h4 34. Bd3
Qg4 35. Be2 Qf5 36. Bd3 Qg4 37. Be2 Qf5 38. Bd3 1/2-1/2

[Event "4NCL Division 3"]
[Site "Daventry Court ENG"]
[Date "2015.05.03"]
[Round "10.217"]
[White "Drabble, Andrew"]
[Black "Conway, Paul Bernard"]
[Result "1-0"]
[WhiteElo "2049"]
[BlackElo "1892"]
[PlyCount "61"]
[EventDate "2015.05.03"]
[WhiteTeam "Bradford DCA Knights A"]
[BlackTeam "Hackney 2"]

1. d4 Nf6 2. Nf3 g6 3. g3 c5 4. c3 b6 5. Bg2 Bb7 6. O-O Bg7 7. Qb3 Bd5 8. c4
Bc6 9. d5 Bb7 10. Nc3 O-O 11. e4 d6 12. h3 Nbd7 13. Be3 Qc7 14. Qc2 h6 15. Rad1
a6 16. Nd2 Kh7 17. f4 Ng8 18. Nf3 b5 19. b3 bxc4 20. bxc4 Rab8 21. g4 Qa5 22.
e5 dxe5 23. f5 Ba8 24. fxg6+ fxg6 25. Nh4 e4 26. Rxf8 Nxf8 27. Nxe4 Rb2 28. Qd3
Nd7 29. Nxg6 Qxa2 30. Ng5+ hxg5 31. Nf8+ 1-0

[Event "4NCL Division 3"]
[Site "Daventry Court ENG"]
[Date "2015.05.03"]
[Round "10.218"]
[White "Booth, Richard"]
[Black "Jennings, Roger"]
[Result "1/2-1/2"]
[WhiteElo "1712"]
[BlackElo "2107"]
[PlyCount "91"]
[EventDate "2015.05.03"]
[WhiteTeam "Hackney 2"]
[BlackTeam "Bradford DCA Knights A"]

1. Nf3 g6 2. c4 Bg7 3. Nc3 Nf6 4. b3 d5 5. cxd5 Nxd5 6. Bb2 O-O 7. Qc1 Nc6 8.
Nxd5 Qxd5 9. Bxg7 Kxg7 10. e3 Bg4 11. Be2 e5 12. Qc4 Qxc4 13. Bxc4 Rad8 14. d3
Bxf3 15. gxf3 a6 16. a4 Nb4 17. Ke2 c6 18. a5 Rd6 19. Rhd1 Rfd8 20. Rac1 f5 21.
Rd2 c5 22. Rcd1 Nc6 23. Ra1 e4 24. fxe4 fxe4 25. f3 exf3+ 26. Kxf3 Rf8+ 27. Kg2
Rf5 28. Rf2 Rxf2+ 29. Kxf2 Kf6 30. Kf3 Ke5 31. h3 Rf6+ 32. Kg3 Rd6 33. Kf3 Nb4
34. Ke2 Rf6 35. d4+ cxd4 36. exd4+ Kxd4 37. Rd1+ Kc3 38. Rd7 Nc6 39. Rxb7 Nxa5
40. Rxh7 Nxc4 41. bxc4 Kxc4 42. h4 Rd6 43. Rh6 Kc5 44. h5 gxh5 45. Rxh5+ Kb6
46. Rh1 1/2-1/2

[Event "4NCL Division 3"]
[Site "Daventry Court ENG"]
[Date "2015.05.03"]
[Round "10.219"]
[White "Hurwitz, Ed"]
[Black "Oakley, Robin J"]
[Result "1-0"]
[WhiteElo "2029"]
[BlackElo "1765"]
[PlyCount "99"]
[EventDate "2015.05.03"]
[WhiteTeam "Bradford DCA Knights A"]
[BlackTeam "Hackney 2"]

1. g3 Nf6 2. Bg2 c6 3. Nf3 d5 4. O-O Na6 5. c4 Bf5 6. b3 e6 7. Bb2 Be7 8. d3
O-O 9. Nbd2 Nc5 10. Rc1 Rc8 11. b4 Ncd7 12. Qb3 Qb6 13. c5 Qc7 14. Rfe1 Bg6 15.
e4 dxe4 16. dxe4 e5 17. Nh4 Rfe8 18. Nc4 Bf8 19. Nxg6 hxg6 20. Rcd1 Rcd8 21.
Rd2 a5 22. a3 b6 23. cxb6 Nxb6 24. Rxd8 Qxd8 25. Nxe5 Qc7 26. bxa5 Nc8 27. Nxg6
Qxa5 28. Re2 Qh5 29. Nf4 Qh6 30. h3 Nh5 31. Qf3 Nxf4 32. Qxf4 Qe6 33. Qd2 Nd6
34. Qc2 Rc8 35. a4 c5 36. Bc3 Qc4 37. Be5 Qa6 38. Bxd6 Qxd6 39. e5 Qc7 40. Qc4
Rb8 41. e6 Rb4 42. Qd5 Rd4 43. exf7+ Qxf7 44. Qc6 Rd6 45. Qc8 Rd1+ 46. Kh2 Rd7
47. a5 g6 48. a6 Kg7 49. Bb7 Rc7 50. Qe6 1-0

[Event "4NCL Division 3"]
[Site "Daventry Court ENG"]
[Date "2015.05.03"]
[Round "10.220"]
[White "Balloglu, Piro"]
[Black "Nicholson, Jim WR"]
[Result "1-0"]
[WhiteElo "1690"]
[BlackElo "2020"]
[PlyCount "61"]
[EventDate "2015.05.03"]
[WhiteTeam "Hackney 2"]
[BlackTeam "Bradford DCA Knights A"]

1. e4 c5 2. Nf3 d6 3. d4 cxd4 4. Nxd4 Nf6 5. Nc3 a6 6. Bg5 e6 7. g3 Be7 8. Bg2
Nbd7 9. O-O h6 10. Be3 Qc7 11. Qe2 O-O 12. f4 Nb6 13. Rad1 Bd7 14. g4 e5 15.
Nf5 Bxf5 16. exf5 Nc4 17. g5 Nxe3 18. gxf6 Qc5 19. fxe7 Nxd1+ 20. Kh1 Rfe8 21.
Qxd1 Rxe7 22. f6 Ree8 23. Qg4 g6 24. Bd5 Kh7 25. Bxf7 Rg8 26. Bxg8+ Rxg8 27.
fxe5 Qxe5 28. Qd7+ Kh8 29. Qe7 Qc5 30. f7 Qc6+ 31. Ne4 1-0

[Event "4NCL Division 3"]
[Site "Daventry Court ENG"]
[Date "2015.05.03"]
[Round "10.225"]
[White "Doran, Chris"]
[Black "Csom, Etelka"]
[Result "1/2-1/2"]
[WhiteElo "2011"]
[BlackElo "2056"]
[PlyCount "54"]
[EventDate "2015.05.03"]
[WhiteTeam "Holmes Chapel"]
[BlackTeam "The Full Ponty"]

1. e4 e5 2. Nf3 Nc6 3. Bb5 Nf6 4. d3 Bc5 5. O-O d6 6. c3 O-O 7. h3 h6 8. Be3
Bb6 9. Nbd2 Bd7 10. Nc4 Bxe3 11. Nxe3 Ne7 12. Bc4 Ng6 13. Nf5 d5 14. Bb3 dxe4
15. dxe4 Nxe4 16. Ng3 Nxg3 17. fxg3 Qe7 18. Qc2 Be6 19. Rae1 c5 20. Qe4 Bxb3
21. axb3 Rae8 22. h4 f5 23. Qd5+ Qe6 24. Qxe6+ Rxe6 25. h5 Ne7 26. Rxe5 Rxe5
27. Nxe5 Rd8 1/2-1/2

[Event "4NCL Division 3"]
[Site "Daventry Court ENG"]
[Date "2015.05.03"]
[Round "10.226"]
[White "Davies, Peter"]
[Black "Bennett, Patrick"]
[Result "0-1"]
[WhiteElo "1971"]
[BlackElo "1997"]
[PlyCount "106"]
[EventDate "2015.05.03"]
[WhiteTeam "The Full Ponty"]
[BlackTeam "Holmes Chapel"]

1. d4 d5 2. c4 e6 3. Nf3 Nf6 4. g3 dxc4 5. Bg2 Nc6 6. Qa4 Bd7 7. Qxc4 b5 8. Qc2
Rb8 9. O-O Be7 10. e4 O-O 11. a3 a5 12. Rd1 a4 13. Bg5 b4 14. Bxf6 Bxf6 15. e5
Be7 16. Nbd2 Na5 17. Nc4 Nxc4 18. Qxc4 bxa3 19. bxa3 Rb3 20. d5 exd5 21. Qxd5
Bg4 22. Qe4 Qc8 23. Rd4 Bf5 24. Qc6 Rxa3 25. Rxa3 Bxa3 26. Qxa4 Bc5 27. Rd2 Qb8
28. Rd1 Qb6 29. Qa2 Rb8 30. Nh4 Be6 31. Qd2 Bb3 32. Rb1 Qb4 33. Qe2 Rd8 34. Nf3
Qc3 35. h4 Bc4 36. Qe1 Qc2 37. Ra1 Qb2 38. Rd1 Qxf2+ 39. Kh2 Bd5 40. Qa5 Ra8
41. Qxa8+ Bxa8 42. Rd8+ Bf8 43. Rxa8 h6 44. e6 fxe6 45. Ne5 Kh7 46. Ng4 Qe2 47.
Nxh6 gxh6 48. Rxf8 c5 49. Kh3 Kg7 50. Rf4 e5 51. Re4 Qb2 52. Rc4 Qb6 53. Be4
Qe6+ 0-1

[Event "4NCL Division 3"]
[Site "Daventry Court ENG"]
[Date "2015.05.03"]
[Round "10.227"]
[White "Turner, John M"]
[Black "Perrett, David C"]
[Result "1-0"]
[WhiteElo "2027"]
[BlackElo "1953"]
[PlyCount "117"]
[EventDate "2015.05.03"]
[WhiteTeam "Holmes Chapel"]
[BlackTeam "The Full Ponty"]

1. e4 Nf6 2. Nc3 d5 3. e5 d4 4. Nce2 Ne4 5. d3 Nc5 6. f4 Nc6 7. Nf3 Bg4 8. Ng3
g5 9. fxg5 Bxf3 10. Qxf3 Nxe5 11. Qf5 Qd5 12. Be2 Qe6 13. O-O h6 14. Bf4 Qxf5
15. Nxf5 Ng6 16. Bd2 hxg5 17. Bxg5 Ne6 18. Bd2 Nh4 19. g3 Nxf5 20. Rxf5 Bh6 21.
Rh5 Bg7 22. Rf1 f6 23. Re1 Nd8 24. Rxh8+ Bxh8 25. Bg4 c5 26. Kg2 e5 27. Rf1 Ke7
28. Rf5 Nf7 29. h4 Bg7 30. b3 Nh6 31. Bxh6 Bxh6 32. Rh5 Rh8 33. Bf5 Bg7 34.
Rxh8 Bxh8 35. Kf3 Bg7 36. Kg4 Kf7 37. Kh5 Bf8 38. g4 Kg7 39. g5 fxg5 40. hxg5
Kf7 41. Bg6+ Ke6 42. Be4 Kf7 43. Bxb7 a5 44. Bd5+ Kg7 45. Kg4 Be7 46. Kf5 Bd8
47. g6 Bh4 48. Be4 Be1 49. Kxe5 Bb4 50. Ke6 Ba3 51. Kd5 Kf6 52. Kc4 Bb4 53. Kb5
Kg7 54. Ka4 Bc3 55. a3 Bb2 56. Kxa5 Bxa3 57. Kb5 Bb4 58. Kc4 Kf6 59. c3 1-0

[Event "4NCL Division 3"]
[Site "Daventry Court ENG"]
[Date "2015.05.03"]
[Round "10.228"]
[White "Waterfield, John"]
[Black "Scattergood, Ben"]
[Result "1-0"]
[WhiteElo "1898"]
[BlackElo "2006"]
[PlyCount "63"]
[EventDate "2015.05.03"]
[WhiteTeam "The Full Ponty"]
[BlackTeam "Holmes Chapel"]

1. e4 e6 2. d4 d5 3. Nd2 Nf6 4. Bd3 c5 5. c3 Nc6 6. Ngf3 cxd4 7. cxd4 dxe4 8.
Nxe4 Bb4+ 9. Nc3 Nd5 10. Bd2 O-O 11. O-O Nde7 12. Be3 f5 13. Ne2 Nd5 14. g3 b6
15. a3 Bd6 16. Bc4 Nce7 17. Qb3 Bb7 18. Ng5 Rf6 19. Nh3 Qe8 20. Nhf4 Bxf4 21.
Nxf4 Nxf4 22. Bxf4 Nd5 23. Be5 Rh6 24. f4 Ne3 25. Qxe3 Qc6 26. Qf3 Qc8 27. Qd3
Qc6 28. d5 exd5 29. Ba2 Kh8 30. Rac1 Qa4 31. Rc7 Ba6 32. Bxg7+ 1-0

[Event "4NCL Division 3"]
[Site "Daventry Court ENG"]
[Date "2015.05.03"]
[Round "10.229"]
[White "Pearson, Raymond"]
[Black "Thomas, Gary"]
[Result "1-0"]
[WhiteElo "1898"]
[BlackElo "1805"]
[PlyCount "76"]
[EventDate "2015.05.03"]
[WhiteTeam "Holmes Chapel"]
[BlackTeam "The Full Ponty"]

1. c4 e5 2. Nc3 Nf6 3. Nf3 Nc6 4. g3 Bb4 5. Bg2 O-O 6. O-O Bxc3 7. bxc3 d6 8.
Rb1 Rb8 9. Ne1 Bd7 10. Nc2 Ng4 11. h3 Nf6 12. Ne3 Nh5 13. d4 f5 14. Nd5 Na5 15.
Bf3 g6 16. Bxh5 gxh5 17. Bh6 c6 18. dxe5 dxe5 19. Bxf8 Kxf8 20. Ne3 Be6 21. c5
Qxd1 22. Rfxd1 f4 23. gxf4 exf4 24. Ng2 Bxh3 25. Nxf4 Bf5 26. Rb4 Kf7 27. Nxh5
Rg8+ 28. Ng3 Be6 29. Rf4+ Ke7 30. Re4 b5 31. Rd6 Rg6 32. Rh4 h6 33. Kh2 Rf6 34.
Ne4 Rg6 35. Nd2 Nb7 36. Rxc6 Kd7 37. Ra6 Nxc5 38. Rxa7+ Ke8 1-0

[Event "4NCL Division 3"]
[Site "Daventry Court ENG"]
[Date "2015.05.03"]
[Round "10.230"]
[White "Gilbert, Colin"]
[Black "Roberts, Malcolm A"]
[Result "1-0"]
[WhiteElo "1752"]
[BlackElo "1826"]
[PlyCount "85"]
[EventDate "2015.05.03"]
[WhiteTeam "The Full Ponty"]
[BlackTeam "Holmes Chapel"]

1. d4 d5 2. c4 c6 3. Nf3 Nf6 4. Nc3 e6 5. e3 Nbd7 6. Bd3 Be7 7. O-O O-O 8. cxd5
exd5 9. Qc2 Nb6 10. Ne5 Be6 11. f4 h6 12. Qe2 c5 13. Kh1 c4 14. Bc2 Qc8 15. f5
Bd7 16. Bd2 Re8 17. Rf4 Bd6 18. Nxd7 Nbxd7 19. Rh4 Qc6 20. Ba4 Qb6 21. Rb1 Rad8
22. b3 cxb3 23. Rxb3 Qc7 24. Nb5 Qb8 25. Nxd6 Qxd6 26. Rxb7 Qa3 27. Bb3 Nb6 28.
Rf4 Rc8 29. Rf1 Ne4 30. Qh5 Nd6 31. f6 Nxb7 32. fxg7 Nd6 33. Qxh6 f5 34. e4 Rc7
35. Qh8+ Kf7 36. Qh5+ Kxg7 37. Bh6+ Kg8 38. Qg6+ Kh8 39. e5 Rg8 40. Qf6+ Kh7
41. exd6 Rd7 42. Bf4 Qa6 43. Qh6# 1-0

[Event "4NCL Division 3"]
[Site "Daventry Court ENG"]
[Date "2015.05.03"]
[Round "10.235"]
[White "Lambourne, Dan"]
[Black "Pozimski, Szymon"]
[Result "1/2-1/2"]
[WhiteElo "2013"]
[BlackElo "1945"]
[PlyCount "194"]
[EventDate "2015.05.03"]
[WhiteTeam "MK Phoenix 2"]
[BlackTeam "Oxford 3"]

1. Nf3 b6 2. d4 Bb7 3. Bf4 Nf6 4. e3 g6 5. Nbd2 Bg7 6. Bd3 O-O 7. Qe2 Nd5 8.
Bg3 Nb4 9. O-O Nxd3 10. Qxd3 Ba6 11. c4 d5 12. Rfc1 c5 13. Qa3 Bxc4 14. Nxc4
dxc4 15. dxc5 b5 16. Rab1 a5 17. Rd1 Qc8 18. b4 Nc6 19. bxa5 b4 20. Rxb4 Nxb4
21. Qxb4 Rd8 22. Rc1 c3 23. Nd4 Bxd4 24. exd4 Qg4 25. h3 Qxd4 26. Qxc3 Qxc3 27.
Rxc3 Rdc8 28. c6 Rxa5 29. a3 e5 30. Bh4 Ra6 31. Re3 Rcxc6 32. Rxe5 Rxa3 33. Rb5
Ra8 34. Bg5 Kg7 35. Be3 Ra1+ 36. Kh2 Rd1 37. Rb4 Rcd6 38. Bf4 R6d5 39. Be3 Rd7
40. Rc4 R7d5 41. Bc1 f6 42. Be3 Rd7 43. Rb4 h6 44. Ra4 g5 45. h4 Kg6 46. hxg5
hxg5 47. g4 Rh7+ 48. Kg2 Re1 49. Rc4 Rh4 50. Ra4 Rhh1 51. Rb4 Reg1+ 52. Kf3
Rh3+ 53. Ke2 Ra1 54. Rc4 Ra2+ 55. Kf1 Kf7 56. Re4 Rh8 57. Rb4 Re8 58. Kg2 Re2
59. Kf1 Rc2 60. Ra4 Kg6 61. Rd4 Rec8 62. Kg2 R2c4 63. Kf3 Rxd4 64. Bxd4 Kf7 65.
Ke4 Ke6 66. Be3 Rc4+ 67. Bd4 Ra4 68. Ke3 f5 69. gxf5+ Kxf5 70. Bc5 Rc4 71. Bd6
Re4+ 72. Kf3 Rd4 73. Bg3 Rd3+ 74. Kg2 Ke4 75. Bh2 Rf3 76. Bc7 Rf7 77. Bd6 Kd3
78. Bc5 Ke2 79. Kg3 Rb7 80. Be3 Rb1 81. Kg2 g4 82. Bc5 Rb5 83. Be3 Rb8 84. Kg3
Rg8 85. Bf4 Rg6 86. Kg2 Kd3 87. Be5 Ke4 88. Bc7 Rc6 89. Bb8 Rc3 90. Bd6 Rf3 91.
Bc7 Kd3 92. Be5 Ke2 93. Bg3 Rf5 94. Bh4 Rh5 95. Bg3 Rh3 96. Bf4 Rf3 97. Bg3
Rxf2+ 1/2-1/2

[Event "4NCL Division 3"]
[Site "Daventry Court ENG"]
[Date "2015.05.03"]
[Round "10.236"]
[White "Colburn, Paul J"]
[Black "Elwin, Adrian"]
[Result "0-1"]
[WhiteElo "1954"]
[BlackElo "1982"]
[PlyCount "116"]
[EventDate "2015.05.03"]
[WhiteTeam "Oxford 3"]
[BlackTeam "MK Phoenix 2"]

1. Nf3 Nf6 2. g3 g6 3. b4 Bg7 4. Bb2 d6 5. Bg2 e5 6. d3 O-O 7. Nbd2 Nc6 8. b5
Ne7 9. O-O Bd7 10. c4 Qc8 11. Re1 c5 12. Qb3 Ne8 13. a4 f5 14. e3 Kh8 15. a5
Rb8 16. Nb1 Nf6 17. Nfd2 g5 18. f4 gxf4 19. exf4 Ng6 20. fxe5 dxe5 21. Nf3 f4
22. Nxe5 fxg3 23. Nxg6+ hxg6 24. hxg3 Bh3 25. d4 Bxg2 26. Kxg2 Ng4 27. Re2 Qf5
28. Nd2 Rbe8 29. Rh1+ Kg8 30. Rhe1 Nf2 31. Nf3 Nd3 32. Rxe8 Qxf3+ 33. Kh2 Nxe1
34. Rxf8+ Kxf8 35. Qxf3+ Nxf3+ 36. Kh3 Bxd4 37. Bc1 Ne5 38. Bf4 Nxc4 39. a6
bxa6 40. bxa6 Ne5 41. g4 c4 42. Kg3 c3 43. Bc1 Kf7 44. Ba3 Be3 45. Kg2 c2 46.
Kg3 c1=Q 47. Bxc1 Bxc1 48. Kh4 Kf6 49. Kh3 Kg5 50. Kg2 Kxg4 51. Kh2 g5 52. Kg1
Kh3 53. Kh1 g4 54. Kg1 Nd3 55. Kh1 g3 56. Kg1 Nf4 57. Kh1 g2+ 58. Kg1 Be3# 0-1